Countries With Multiple C’s - Statistics

General Stats
  • This quiz has been taken 15 times
    7 since last reset
  • The average score is 5 of 6
Answer Stats
Country % Correct
Democratic Republic of the Congo
100%
Republic of the Congo
100%
Central African Republic
80%
Dominican Republic
80%
Czech Republic
60%
Vatican City
40%
No matching quizzes found
Score Distribution
Percent of People with Each Score
Percentile by Number Answered
Your Score History
You have not taken this quiz since the last reset